US States and Capitals in One Minute - Statistics

General Stats
  • This quiz has been taken 297 times
  • The average score is 24 of 100
Answer Stats
State % Correct
California
74%
Alaska
64%
Florida
60%
Arizona
56%
Alabama
55%
New York
54%
Georgia
51%
Colorado
48%
Hawaii
48%
Maine
48%
Texas
48%
Sacramento
45%
Arkansas
41%
Washington
41%
Delaware
40%
Oregon
39%
Idaho
38%
Connecticut
36%
Ohio
36%
Albany
33%
Iowa
32%
Juneau
32%
Montana
32%
New Jersey
32%
Illinois
31%
Kansas
31%
Michigan
31%
Minnesota
31%
New Mexico
31%
Atlanta
30%
Indiana
30%
Nevada
30%
Tallahassee
30%
Honolulu
28%
Phoenix
28%
Utah
28%
Austin
26%
Maryland
26%
Massachusetts
26%
Montgomery
26%
Denver
25%
Nebraska
25%
Louisiana
23%
Mississippi
23%
Missouri
23%
New Hampshire
23%
North Carolina
23%
Oklahoma
23%
Olympia
23%
Vermont
23%
Boise
22%
North Dakota
21%
South Carolina
21%
Virginia
21%
Augusta
20%
Boston
20%
Dover
19%
Kentucky
19%
Rhode Island
19%
Springfield
19%
Wyoming
19%
Salem
18%
Wisconsin
18%
Hartford
17%
Little Rock
17%
South Dakota
17%
Pennsylvania
16%
Trenton
16%
Tennessee
15%
Annapolis
14%
Columbus
14%
Indianapolis
14%
Santa Fe
14%
Des Moines
13%
Helena
13%
Lansing
12%
Salt Lake City
12%
Raleigh
11%
Richmond
11%
West Virginia
11%
Carson City
10%
Concord
10%
Jackson
10%
Jefferson City
10%
Madison
10%
Providence
10%
St Paul
10%
Topeka
9%
Baton Rouge
8%
Columbia
8%
Frankfort
8%
Harrisburg
8%
Montpelier
8%
Nashville
8%
Oklahoma City
8%
Bismarck
6%
Charleston
6%
Cheyenne
6%
Lincoln
6%
Pierre
6%
No matching quizzes found
Score Distribution
Percent of People with Each Score
Percentile by Number Answered
Your Score History
You have not taken this quiz